000 00263 a2200097 4500
020 _a9789356991460
100 _aMonika Halan
245 _aLet's talk mutual funds: a systematic, smart way to make them work for you
260 _bHarper Collins
_c2023
942 _cOO
999 _c115630
_d115629